Statistiken für Nennen Sie eine gültige Hauptstadt

Klicken Sie hier um das Quiz zu spielen!

Allgemein

  • Dieses Quiz wurde 1.130 mal gespielt
  • Das Durchschnittsergebnis liegt bei 10 aus 18

Antwortstatistiken

Nennen Sie eine Hauptstadt, die ...Antwort% Korrekt
Ist weiter nördlich als MoskauReykjavik | Helsinki | Oslo | + 3 andere
97%
Ist innerhalb von 15 Kilometern des MittelmeersAlgier | Athen | Rom | + 4 andere
93%
Beginnt mit dem Buchstaben JJakarta | Juba | Jerusalem | Jaunde | Jerewan
79%
Ist die Hauptstadt einer der baltischen RepublikenRiga | Tallinn | Vilnius
77%
Ist mehr als 1200 km von jeder anderen Hauptstadt entferntCanberra | Wellington | Reykjavik | Brasilia | +7 andere
73%
Ist in MittelamerikaGuatemala-Stadt | Panama-Stadt | San José | + 4 andere
69%
Hat nur eine SilbeBern | Minsk | Prag | Rom | Seoul | Wien
58%
Ist mehr als 850 km vom Meer entferntBischkek | Taschkent | Nur-Sultan | + 13 andere
57%
Fängt an mit "Port"Port Moresby | Port-au-Prince | Port-of-Spain | + 3 andere
54%
War die Hauptstadt eines souveränen Landes im Jahr 1 n. ChrRom
53%
Hat eine Höhe über 2500 MeterLa Paz | Quito | Sucre | Thimphu | Bogotá
51%
Ist am Persischen GolfKuwait-Stadt | Doha | Abu Dhabi | Manama
45%
Ist die Hauptstadt eines anderen Landes in Ozeanien als
Australien und Neuseeland
Apia | Honiara | Port Moresby | + 9 andere
41%
War 1995 nicht die Hauptstadt eines souveränen LandesDili | Gitega | Juba | Naypyidaw | Ngerulmud | Nur-Sultan
37%
Liegt innerhalb von 2 ° vom ÄquatorQuito | Kampala | Singapur | + 4 andere
34%
Erhält weniger als 8 cm Niederschlag pro JahrLima | Kairo | Abu Dhabi | Manama | Doha
30%
Befindet sich an einem See oder im Landesinneren, der größer als 3000 km² istBaku | Kampala
25%
Ist nach einer Person benannt, die nach 1500
v. Chr. Geboren wurde und nicht George Washington ist
Brazzaville | Nur-Sultan | Wellington | + 5 andere
21%

Verteilung der Resultate

Perzentil nach korrekt beantworteten Fragen

Anzahl Personen mit jedem Resultat

Ihre Resultats-Entwicklung

Sie haben dieses Quiz noch nicht gespielt